| 000 | 00574nam a22001937a 4500 | ||
|---|---|---|---|
| 001 | 8183 | ||
| 003 | BD-RjUL | ||
| 005 | 20211208234534.0 | ||
| 008 | 140118s1960 xxu||||| |||| 00| 0 eng d | ||
| 035 | _a(BD-RjUL) | ||
| 040 |
_aBD-RjUL _beng _cBD-RjUL _dBD-RjUL |
||
| 041 | _aeng | ||
| 082 |
_a338.187 _bSTA 1960 |
||
| 245 | _aTHE STATE OF FOOD AND AGRICULTURE 1960 / | ||
| 260 |
_aROME: _b FOOD AND AGRICULTURE ORGANIZATION OF THE UNITED NATIONS , _c1960. |
||
| 300 |
_aviii,182 p.: _b; _c30 cm. |
||
| 710 | 1 |
_aUnited States. Department of Agriculture. _925484 |
|
| 942 |
_2ddc _cBK |
||
| 999 |
_c8183 _d8183 |
||